00563nam a22001817a 450000500170000001000150001702000260003203500140005803700130007208200080008510000180009324500850011126000450019627000660024130000160030750000460032370000120036920180129150805.0 aENG-122166 a9780199474639c750.00 aEN-105698 bDBAD/PUB a950 aMenon, Meena  aA frayed history :cby Meena menon and uzrammabthe journey of cotton in india / aNew DelhibOxford University Pressc2017 a2/11 Ground Floor, Ansari Road, Daryaganj bNew Delhie110002 a383p.c24cm aincludes Bibliography reference and index dUzramma